Three steps forward, two steps back : (Record no. 943)
[ view plain ]
| 000 -LEADER | |
|---|---|
| fixed length control field | 01549cam a2200325 i 4500 |
| 001 - CONTROL NUMBER | |
| control field | 6086461 |
| 003 - CONTROL NUMBER IDENTIFIER | |
| control field | OCoLC |
| 005 - DATE AND TIME OF LATEST TRANSACTION | |
| control field | 20180830153609.0 |
| 008 - FIXED-LENGTH DATA ELEMENTS--GENERAL INFORMATION | |
| fixed length control field | 800221s1980 tnu b 000 0 eng |
| 020 ## - INTERNATIONAL STANDARD BOOK NUMBER | |
| International Standard Book Number | 0840751877 |
| 020 ## - INTERNATIONAL STANDARD BOOK NUMBER | |
| International Standard Book Number | 9780840751874 |
| 020 ## - INTERNATIONAL STANDARD BOOK NUMBER | |
| International Standard Book Number | 0840757239 |
| Qualifying information | (pbk.) |
| 020 ## - INTERNATIONAL STANDARD BOOK NUMBER | |
| International Standard Book Number | 9780840757234 |
| Qualifying information | (pbk.) |
| 035 ## - SYSTEM CONTROL NUMBER | |
| System control number | (OCoLC)6086461 |
| Canceled/invalid control number | (OCoLC)692254023 |
| 040 ## - CATALOGING SOURCE | |
| Original cataloging agency | DLC |
| Language of cataloging | eng |
| Transcribing agency | DLC |
| Modifying agency | BAKER |
| -- | BTCTA |
| -- | BMS |
| -- | YDXCP |
| -- | OCLCO |
| -- | OCLCF |
| -- | CFT |
| -- | OCLCQ |
| -- | MXL |
| -- | OCLCQ |
| -- | UtOrBLW |
| 050 00 - LIBRARY OF CONGRESS CALL NUMBER | |
| Classification number | BV4647.P45 |
| Item number | S94 |
| 082 00 - DEWEY DECIMAL CLASSIFICATION NUMBER | |
| Classification number | 248.4 |
| Item number | S978T |
| 100 1# - MAIN ENTRY--PERSONAL NAME | |
| Personal name | Swindoll, Charles R |
| 245 10 - TITLE STATEMENT | |
| Title | Three steps forward, two steps back : |
| Remainder of title | persevering through pressure / |
| Statement of responsibility, etc. | by Charles R. Swindoll |
| 264 #1 - PRODUCTION, PUBLICATION, DISTRIBUTION, MANUFACTURE, AND COPYRIGHT NOTICE | |
| Place of production, publication, distribution, manufacture | Nashville : |
| Name of producer, publisher, distributor, manufacturer | T. Nelson, |
| Date of production, publication, distribution, manufacture, or copyright notice | 1980 |
| 300 ## - PHYSICAL DESCRIPTION | |
| Extent | 191 pages ; |
| Dimensions | 21 cm |
| 336 ## - CONTENT TYPE | |
| Content type term | text |
| Content type code | txt |
| Source | rdacontent |
| 337 ## - MEDIA TYPE | |
| Media type term | unmediated |
| Media type code | n |
| Source | rdamedia |
| 338 ## - CARRIER TYPE | |
| Carrier type term | volume |
| Carrier type code | nc |
| Source | rdacarrier |
| 504 ## - BIBLIOGRAPHY, ETC. NOTE | |
| Bibliography, etc. note | Includes bibliographical references |
| 505 0# - FORMATTED CONTENTS NOTE | |
| Formatted contents note | 1. Perseverance: Archaic Word of Relevance -- 2. Misunderstanding: Paralyzing Sting of Humanity -- 3. Stress: Threatening Storm of Anxiety -- 4. Loss: Lonely Times of Crisis -- 5. Impossibilities: Uncrossable Rivers of Life -- 6. Waiting: Lingering Test of Patience -- 7. Temptation: Vulnerable Flaw of Weakness -- 8. Mistakes: Inevitable Marks of Imperfection -- 9. Inferiority: Contagious Plague of Self-Doubt -- 10. Fear: Fierce Grip of Panic -- 11. Anger: Burning Fuse of Hostility -- 12. Defection: Final Stage of Compromise |
| 650 #0 - SUBJECT ADDED ENTRY--TOPICAL TERM | |
| Topical term or geographic name entry element | Perseverance (Ethics) |
| 650 #0 - SUBJECT ADDED ENTRY--TOPICAL TERM | |
| Topical term or geographic name entry element | Christian life |
| 942 ## - ADDED ENTRY ELEMENTS (KOHA) | |
| Source of classification or shelving scheme | Dewey Decimal Classification |
| Koha item type | Books |
| Withdrawn status | Lost status | Source of classification or shelving scheme | Damaged status | Not for loan | Collection code | Home library | Current library | Shelving location | Date acquired | Total Checkouts | Full call number | Barcode | Date last seen | Price effective from | Koha item type |
|---|---|---|---|---|---|---|---|---|---|---|---|---|---|---|---|
| Dewey Decimal Classification | Non-fiction | Harvest Mission College | Harvest Mission College | General Stacks | 30.08.2018 | 248.4 S978T | 003563 | 30.08.2018 | 30.08.2018 | Books |
